000 00465nam a2200145Ia 4500
008 230128s9999 xx 000 0 und d
041 _aeng
082 _aBAR PR0435
_bBAR
100 _aBaride Arya V - 2K91011
_9118918
245 _aReduction & Control of Internal Shared Services for Cummins Emission Solutions India & Cummins Exhaust India Limited
260 _c2011
_bPune University
_aPune
300 _a57p
502 _cParchure Sonali
999 _c97216
_d97216